000 00694nam a22002417a 4500
001 00260
003 DO-SdBNP
005 20180130134438.0
008 151125b 1990 sp xxu||||| |||| 00| 0 spa d
020 _a8475618901
040 _aBPMSU
_bspa
_cBPMSU
092 _axxxxx
_bxxxxx
100 1 _aStevenson, Robert Louis,
_c1850-1894.
245 1 0 _aLa isla del tesoro /
_cRobert Louis Stevenson.
260 _aBarcelona :
_bEditors,
_c1990.
300 _a153 p. ;
_c18 cm.
490 1 _aGrandes Escritores Universales
830 0 _aGrandes Escritores Universales
910 _a00260
942 _2ddc
_cBK
945 _aInventariado extranjero / 2018 VM
956 _aLorenza Pérez
_b10
999 _c8905
_d8905